Statistics for Picture Quiz: Statues of Famous British People

Click here to take the quiz!

General Stats

  • This quiz has been taken 179 times
  • The average score is 13 of 20

Answer Stats

Answer% Correct
Henry VIII
98%
Winston Churchill
95%
Florence Nightingale
94%
Horatio Nelson
91%
William Shakespeare
91%
Oliver Cromwell
90%
Freddie Mercury
84%
Charles Darwin
79%
Charles Dickens
71%
Bernard Montgomery
57%
Isombard Kingdom Brunel
52%
Robert Baden-Powell
52%
Benjamin Disraeli
50%
George Orwell
48%
Bobby Moore
46%
William Gladstone
44%
Harold Wilson
42%
David Lloyd George
35%
WG Grace
31%
Aneurin 'Nye' Bevan
19%

Score Distribution

Percentile by Number Answered

Percent of People with Each Score

Your Score History

You have not taken this quiz